NBA Bad Stat Leaders - Statistics

General Stats
  • This quiz has been taken 13 times
  • The average score is 6 of 13
Answer Stats
Hint Answer % Correct
fgs missed career LeBron James 15,480
82%
Turnovers LeBron James 5265
82%
Ejections Rasheed Wallace 29
82%
Sacks assaulted Draymond Green 3
55%
fts missed career Wilt Chamberlain 5,805
55%
pants pooped midgame Paul Pierce 1 but maybe more
45%
threes missed career James Harden 5895
36%
threes missed single game James Harden 16
36%
Fouls career Kareem Abdul-Jabbar 4,657
36%
Techs Karl Malone 332
36%
fts missed single game Andre Drummond 23
18%
fgs missed single game Joe Fulks 42
9%
Zero point games P.J. Tucker 47
9%
No matching quizzes found
Score Distribution
Percent of People with Each Score
Percentile by Number Answered
Your Score History
You have not taken this quiz